|
|
|
|
| LEADER |
01879nam a2200541 4500 |
| 001 |
ocn905348805 |
| 003 |
OCoLC |
| 005 |
20170124070324.6 |
| 006 |
m o d |
| 007 |
cr cnu|||unuuu |
| 008 |
150320s2015 gw ob 001 0 eng d |
| 040 |
|
|
|a N$T
|b eng
|e rda
|e pn
|c N$T
|d N$T
|d DG1
|d CDX
|d COO
|d E7B
|d YDXCP
|d IDEBK
|d RECBK
|d DEBSZ
|d DG1
|d GrThAP
|
| 020 |
|
|
|a 9783527685172
|q electronic bk.
|
| 020 |
|
|
|a 3527685170
|q electronic bk.
|
| 020 |
|
|
|a 9783527685141
|q electronic bk.
|
| 020 |
|
|
|a 3527685146
|q electronic bk.
|
| 020 |
|
|
|z 9783527332922
|
| 020 |
|
|
|a 3527332928
|
| 020 |
|
|
|a 9783527332922
|
| 029 |
1 |
|
|a CHVBK
|b 334087732
|
| 029 |
1 |
|
|a CHBIS
|b 010442487
|
| 029 |
1 |
|
|a AU@
|b 000054954935
|
| 029 |
1 |
|
|a NZ1
|b 16078931
|
| 029 |
1 |
|
|a DEBSZ
|b 475040503
|
| 035 |
|
|
|a (OCoLC)905348805
|
| 050 |
|
4 |
|a TK7871.99.O74
|
| 072 |
|
7 |
|a TEC
|x 009070
|2 bisacsh
|
| 082 |
0 |
4 |
|a 621.38152
|2 23
|
| 049 |
|
|
|a MAIN
|
| 100 |
1 |
|
|a Köhler, Anna,
|e author.
|
| 245 |
1 |
0 |
|a Electronic processes in organic semiconductors :
|b an introduction /
|c Anna Köhler and Heinz Bässler.
|
| 264 |
|
1 |
|a Weinheim, Germany :
|b Wiley-VCH Verlag GmbH & Co.,
|c [2015]
|
| 264 |
|
4 |
|c ©2015
|
| 300 |
|
|
|a 1 online resource (xiii, 405 pages).
|
| 336 |
|
|
|a text
|b txt
|2 rdacontent
|
| 337 |
|
|
|a computer
|b c
|2 rdamedia
|
| 338 |
|
|
|a online resource
|b cr
|2 rdacarrier
|
| 504 |
|
|
|a Includes bibliographical references and index.
|
| 588 |
0 |
|
|a Vendor-supplied metadata.
|
| 650 |
|
0 |
|a Organic semiconductors
|x Electric properties.
|
| 650 |
|
7 |
|a TECHNOLOGY & ENGINEERING / Mechanical
|2 bisacsh
|
| 655 |
|
4 |
|a Electronic books.
|
| 655 |
|
7 |
|a Electronic books.
|2 local
|
| 655 |
|
0 |
|a Electronic books.
|
| 700 |
1 |
|
|a Bässler, Heinz,
|e author.
|
| 776 |
0 |
8 |
|i Print version:
|w (OCoLC)ocn905348805
|z 9783527685172
|
| 856 |
4 |
0 |
|u https://doi.org/10.1002/9783527685172
|z Full Text via HEAL-Link
|
| 994 |
|
|
|a 92
|b DG1
|